Zodpovedné bankovníctvo - princípy, stratégia a prax diplomová práca

Gespeichert in:
Bibliographische Detailangaben
1. Verfasser: Halandová, Katarína, 1999-
Körperschaft: Národohospodárska fakulta EU. Katedra bankovníctva a medzinárodných financií
Weitere Verfasser: Makúch, Jozef, 1953-
Format: Buch
Sprache:Slowakisch
Veröffentlicht: Bratislava 2023
Tags: Tag hinzufügen
Keine Tags, Fügen Sie das erste Tag hinzu!

MARC

LEADER 00000nbm a2200000 4500
001 0292975
005 20231027133530.2
041 0 |a slo 
044 |a SK 
245 1 0 |a Zodpovedné bankovníctvo - princípy, stratégia a prax  |b diplomová práca  |c Katarína Halandová ; školiteľ: Jozef Makúch 
264 1 |a Bratislava  |c 2023 
300 |a 75 s. 
100 1 |a Halandová, Katarína, 1999- 
700 1 |a Makúch, Jozef, 1953- 
710 2 |a Národohospodárska fakulta EU. Katedra bankovníctva a medzinárodných financií